| 000 | 00503nam a2200157 a 4500 | ||
|---|---|---|---|
| 001 | 000039903 | ||
| 005 | 20201002033811.0 | ||
| 008 | 130729s1972 cu 000 0 spa d | ||
| 040 |
_aDO-SdBNP _bspa _cBNPHU |
||
| 100 | 1 |
_aChe Guevara, Ernestor _966107 |
|
| 245 | 1 | 0 |
_aErnesto Che Guevara : _bescritos y discursos / _cErnesto Che Guevara. |
| 260 |
_aLa Habana : _bInstituto Cubano del Libro, _c1972. |
||
| 300 |
_a314 p. ; _c18 cm. |
||
| 490 | 1 |
_aCiencias Sociales _v2 |
|
| 830 | 0 |
_aCiencias Sociales _v2 _913247 |
|
| 999 |
_c39393 _d39393 |
||